| 000 | 00452nam a22001697a 4500 | ||
|---|---|---|---|
| 003 | OSt | ||
| 008 | 241022b |||||||| |||| 00| 0 eng d | ||
| 020 | _a9781908337405 | ||
| 082 | _a667 HAF | ||
| 100 | _aHASLEY, Chris and AERSSEN, Wilhelmine Van | ||
| 245 | _aFrom Fibre to Fabric: The Ultimate Guide to Soft Furnishings | ||
| 250 | _a1st. ed. | ||
| 260 |
_aLondon, _bClearview, _c2017, |
||
| 300 | _a256 p. | ||
| 650 | _aB.FAD. | ||
| 942 |
_2ddc _cREF |
||
| 999 |
_c12946 _d12946 |
||